[Event "Balears-ch U14"]
[Site "Eivissa"]
[Date "2018.05.04"]
[Round "1.4"]
[White "Hernandez Gallardo, Alvaro"]
[Black "Cardona Pons, Josep"]
[Result "0-1"]
[WhiteElo "1264"]
[BlackElo "1460"]
[PlyCount "40"]
[EventDate "2018.05.04"]
[EventType "swiss"]
[EventRounds "5"]
[EventCountry "ESP"]
[SourceTitle "EXT 2024"]
[Source "ChessBase"]
[SourceDate "2023.10.10"]
[SourceVersion "1"]
[SourceVersionDate "2023.10.10"]
[SourceQuality "1"]

1. e4 c5 2. Nf3 Nc6 3. d4 cxd4 4. Nxd4 g6 5. Nc3 Bg7 6. Be3 Nf6 7. f3 0-0 8. Bc4 Qc7 9. Qd2 d6 10. 0-0-0 a6 11. h4 Rb8 12. g4 Nxd4 13. Qxd4 Nxg4 14. Qd3 Nxe3 15. Qxe3 Qxc4 16. Qa7 Be6 17. Nd5 Bxd5 18. exd5 Qxa2 19. Qb6 Bh6+ 20. Rd2 Qa1# 0-1

[Event "Ibiza y Formentera-ch U18 19th"]
[Site "Eivissa"]
[Date "2017.09.04"]
[Round "1.1"]
[White "Prohens Lopez, Aitor"]
[Black "Hernandez Gallardo, Alvaro"]
[Result "1-0"]
[WhiteElo "1768"]
[BlackElo "1264"]
[PlyCount "67"]
[EventDate "2017.09.04"]
[EventType "swiss"]
[EventRounds "5"]
[EventCountry "ESP"]
[SourceTitle "EXT 2024"]
[Source "ChessBase"]
[SourceDate "2023.10.10"]
[SourceVersion "1"]
[SourceVersionDate "2023.10.10"]
[SourceQuality "1"]

1. e4 e5 2. Nf3 Nc6 3. Bc4 Nf6 4. d3 h6 5. 0-0 Bc5 6. c3 Bb6 7. Nbd2 0-0 8. h3 Re8 9. Re1 d6 10. Bb3 a6 11. Nf1 Be6 12. Ng3 Bxb3 13. axb3 Ne7 14. Nh4 d5 15. Qe2 dxe4 16. dxe4 Qd7 17. Nhf5 Nxf5 18. Nxf5 Kh7 19. Qf3 Rg8 20. g4 g5 21. Nxh6 Kxh6 22. Qxf6+ Kh7 23. Bxg5 Rg6 24. Qe7 Qxe7 25. Bxe7 Re8 26. Ba3 c5 27. Rad1 Rf6 28. c4 Ba5 29. Re3 Rc8 30. Rd5 b5 31. cxb5 axb5 32. Bxc5 Rxc5 33. Rxc5 Bb6 34. b4 1-0

[Event "Ibiza Summer op 4th"]
[Site "Ibiza"]
[Date "2016.06.25"]
[Round "4"]
[White "Hernandez Gallardo, Alvaro"]
[Black "Reina Fernandez, Fabian"]
[Result "0-1"]
[WhiteElo "1358"]
[BlackElo "1505"]
[PlyCount "66"]
[EventDate "2016.06.24"]
[EventType "swiss"]
[EventRounds "6"]
[EventCountry "ESP"]
[SourceTitle "CBM 173 Extra"]
[Source "ChessBase"]
[SourceDate "2016.08.29"]
[SourceVersion "1"]
[SourceVersionDate "2016.08.29"]
[SourceQuality "1"]

1. e4 e5 2. Nf3 Nc6 3. Bc4 Bc5 4. 0-0 Nf6 5. Nc3 0-0 6. d3 a6 7. Ng5 h6 8. Nf3 b5 9. Bb3 Rb8 10. Bd2 a5 11. a3 a4 12. Ba2 d6 13. Qc1 Bg4 14. Nh4 Nxe4 15. Nxe4 Qxh4 16. b4 Bd4 17. c3 Ba7 18. Bd5 Ne7 19. c4 c6 20. h3 cxd5 21. Ng5 Be2 22. g3 Qxg3+ 23. Kh1 Bxf1 24. fxg3 Bxd3 25. Nf3 Nf5 26. Kg2 e4 27. Ne1 Rfe8 28. g4 Nd4 29. Nxd3 exd3 30. cxd5 Rbc8 31. Qd1 Re2+ 32. Kf1 Nf3 33. Rc1 Nh2# 0-1

[Event "Ibiza Eivissa op 5th"]
[Site "Eivissa"]
[Date "2016.04.17"]
[Round "5"]
[White "Hernandez Gallardo, Alvaro"]
[Black "Tur Serra, Javier"]
[Result "1-0"]
[WhiteElo "1338"]
[BlackElo "1586"]
[PlyCount "112"]
[EventDate "2016.04.03"]
[EventType "swiss"]
[EventRounds "7"]
[EventCountry "ESP"]
[SourceTitle "EXT 2024"]
[Source "ChessBase"]
[SourceDate "2023.10.10"]
[SourceVersion "1"]
[SourceVersionDate "2023.10.10"]
[SourceQuality "1"]

1. e4 e5 2. Nf3 Nc6 3. Bc4 Bc5 4. 0-0 Nf6 5. Bb3 0-0 6. h3 d6 7. Nc3 a6 8. d3 h6 9. Nd5 Nxd5 10. exd5 Na5 11. c3 Nxb3 12. Qxb3 Rb8 13. d4 e4 14. Nd2 Ba7 15. Nxe4 Re8 16. Re1 f5 17. Nf6+ gxf6 18. Rxe8+ Qxe8 19. Bxh6 Qe2 20. c4 Bxd4 21. Qg3+ Kf7 22. Qg7+ Ke8 23. Qg8+ Kd7 24. Rf1 Bxb2 25. Bf8 Qe8 26. Qg7+ Kd8 27. c5 Bd7 28. cxd6 cxd6 29. Bxd6 Rc8 30. Rb1 Rc1+ 31. Rxc1 Bxc1 32. Qxf6+ Kc8 33. Qc3+ Bc6 34. Qxc1 Kd7 35. Qf4 Bxd5 36. Qxf5+ Qe6 37. Qxe6+ Bxe6 38. Bb4 Bxa2 39. Kf1 b5 40. Ke2 Kc6 41. Kd3 Kd5 42. h4 Bc4+ 43. Ke3 Ke5 44. g4 Be6 45. f3 Kf6 46. Kf4 Kg6 47. Ke5 Bd7 48. Kf4 Bc6 49. Bc3 Bb7 50. Kg3 Bd5 51. f4 Be6 52. h5+ Kh6 53. Kh4 Bf7 54. g5+ Kh7 55. g6+ Bxg6 56. hxg6+ Kxg6 1-0

[Event "Ibiza-ch U20 17th"]
[Site "Ibiza"]
[Date "2015.09.10"]
[Round "5.2"]
[White "Prohens Lopez, Aitor"]
[Black "Hernandez Gallardo, Alvaro"]
[Result "1-0"]
[WhiteElo "1684"]
[BlackElo "1354"]
[PlyCount "31"]
[EventDate "2015.09.04"]
[EventType "swiss"]
[EventRounds "5"]
[EventCountry "ESP"]
[SourceTitle "EXT 2024"]
[Source "ChessBase"]
[SourceDate "2023.10.10"]
[SourceVersion "1"]
[SourceVersionDate "2023.10.10"]
[SourceQuality "1"]

1. e4 c5 2. Nf3 d6 3. d4 cxd4 4. Nxd4 Nf6 5. Nc3 a6 6. Bc4 b5 7. Bb3 e6 8. 0-0 Be7 9. a3 0-0 10. Be3 e5 11. Nf5 Bb7 12. Nd5 Bxd5 13. Bxd5 Ra7 14. Bxa7 Nbd7 15. Be3 Ng4 16. Qxg4 1-0

[Event "Eivissa Insular-ch"]
[Site "Eivissa"]
[Date "2014.10.25"]
[Round "1"]
[White "Hernandez Gallardo, Alvaro"]
[Black "Bordes Ibanez, Juan Bautista"]
[Result "0-1"]
[WhiteElo "1504"]
[BlackElo "1949"]
[PlyCount "44"]
[EventDate "2014.10.25"]
[EventType "swiss"]
[EventRounds "7"]
[EventCountry "ESP"]
[SourceTitle "EXT 2016"]
[Source "ChessBase"]
[SourceDate "2015.10.08"]
[SourceVersion "1"]
[SourceVersionDate "2015.10.08"]
[SourceQuality "1"]

1. e4 c5 2. Nf3 Nc6 3. d4 cxd4 4. Nxd4 Nf6 5. Nc3 d6 6. Nxc6 bxc6 7. e5 dxe5 8. Qxd8+ Kxd8 9. Bg5 Be6 10. 0-0-0+ Kc7 11. Na4 Nd7 12. Ba6 h6 13. Be3 g5 14. Rd3 e4 15. Rc3 Bg7 16. Ra3 f5 17. Bc5 Nxc5 18. Nxc5 Rhb8 19. Rb3 Bxb3 20. cxb3 Bf6 21. Rd1 Rd8 22. Re1 Rd5 0-1